000 00938nam a2200253 i 4500
001 78316
003 ES-MaACL
005 20251009063053.0
007 t|
008 041013s1978 sp ||||1| spa d
100 1 _aKüng, Hans,
_d1928-
_968961
245 1 0 _aHans Küng
_b: itinerario y obra /
_ceditado por Hermann Häring y Karl-Josef Kuschel ; con una bibliografía por Margret Gentner ; [traducción de José Mª Bravo Navalpotro].
260 _aMadrid :
_bCristiandad,
_c[1978]
300 _a227 p., 8 lám. :
_bil. ;
_c22 cm.
490 1 _aLibros "Punto crítico" ;
_v3
504 _aBibliografía: p. 179-217.
700 1 _aKuschel, Karl-Josef.
_969076
700 1 _aGentner, Margret.
_956365
700 1 _aBravo Navalpotro, José María.
_931498
700 0 _aHäring, Hermann.
_961849
830 0 _aLibros "Punto crítico" ;
_v3
_9231391
852 _aES-MaACL
_jA-9044
_bR.97890
999 _c78316
_d78316